Joueurs français ayant joué à Manchester United - Statistiques

Statistiques générales
  • Ce quiz a été pris 96 fois
  • Le résultat moyen est 9 sur 15
Statistiques - réponses
Année d'arrivée Année de départ Club précédant Club suivant Nombre de match Joueurs % Correct
2016 2022 Juventus Turin Juventus Turin 233 Paul Pogba
95%
2021 2024 Real Madrid Como 1907 95 Raphaël Varane
90%
2006 2014 AS Monaco Juventus Turin 379 Patrice Evra
87%
2015 2024 AS Monaco AEK Athènes 317 Anthony Martial
86%
2024 En cours LOSC Lille En cours 62 Leny Yoro
86%
1992 1997 Leeds United Fin de carrière 185 Eric Cantona
84%
2001 2003 Inter Milan Fin de carrière 75 Laurent Blanc
66%
2015 2017 FC Southampton FC Everton 47 Morgan Schneiderlin
66%
2000 2004 AS Monaco Olympique de Marseille 139 Fabian Barthez
62%
2004 2008 FC Fulham FC Everton 124 Louis Saha
44%
1999 2008 Inter Milan Arsenal FC 361 Mikaël Silvestre
43%
2009 2011 FC Girondins de Bordeaux Newcastle United 27 Gabriel Obertan
38%
2023 2024 Manchester United U21 Villarreal CF 10 Willy Kambwala
10%
2003 2005 AFC Sunderland West Ham United 40 David Bellion
9%
1995 1996 FC Girondins de Bordeaux FC Girondins de Bordeaux 2 William Prunier
6%
Aucun quiz correspondant
Distribution des résultats
% des personnes avec chaque résultat
Percentile par nombre de réponses
Votre historique - résultats
Vous n’avez pas pris ce quiz